La Vila de Montblanc en el segon quart del segle XVIII : economia, urbanisme i societat segons la documentació cadastral / per Josep M. Porta i Balanyà economia, urbanisme i societat segons la documentació cadastral / per Josep M. Porta i Balanyà
Publicado:
Barcelona :
Generalitat de Catalunya, Departament de Cultura, Direcció General del Patrimoni Escrit i Documental, Servei d'Arxius ,
1986
Descripción Física:
201 p., 1 map. pleg. ; 24 cm
Materias:
Montblanc -- Història -- S. XVIII
MARC
| LEADER | 00000nam a2200000Ia 4500 | ||
|---|---|---|---|
| 001 | 7668 | ||
| 008 | 160829s1986 xx 000 0 cat d | ||
| 080 | |a H-1-111 | ||
| 100 | |a Porta i Balanyà, Josep M. |9 25289 | ||
| 245 | |a La Vila de Montblanc en el segon quart del segle XVIII : |b economia, urbanisme i societat segons la documentació cadastral / per Josep M. Porta i Balanyà | ||
| 260 | |a Barcelona : |b Generalitat de Catalunya, Departament de Cultura, Direcció General del Patrimoni Escrit i Documental, Servei d'Arxius, |c 1986 | ||
| 300 | |a 201 p., 1 map. pleg. ; |c 24 cm | ||
| 650 | |a Montblanc |x Història |x S. XVIII |9 25290 | ||
| 710 | 1 | |a Catalunya. |b Servei d'Arxius |9 2924 | |
| 901 | |a Arxiu | ||
| 942 | |n 1 | ||
| 952 | |0 0 |1 0 |4 0 |6 H1111 |7 1 |9 43537 |a Arxiu |b Arxiu |d 2016-12-01 |l 0 |o H-1-111 |p 7668 |r 2016-12-01 00:00:00 |w 2016-12-01 |y ARXIU | ||
| 999 | |c 46083 |d 46083 | ||